EToH Towers with Triple-Letter Acronyms - Statistics

General Stats
  • This quiz has been taken 102 times
  • The average score is 7 of 10
Answer Stats
Acronym Tower % Correct
ToWWW Tower of Wildly Wacky Wonders
87%
ToAAA Tower of Astronomically Aimless Annoyances
86%
ToCCC Tower of Cracked Crushed Cubes
81%
ToBBB Tower of Beat Block Berserk
77%
ToDDD Tower of Dance Dance Destruction
75%
ToIII Tower of Insanely Innovative Ideas
65%
ToOOO Tower of Orientating Oscillating Opinions
64%
ToTTT Tower of Traversing The Tropics
64%
ToSSS Tower of Somewhat Simple Scaling
61%
ToLLL Tower of Largely Limited Luminance
48%
No matching quizzes found
Score Distribution
Percent of People with Each Score
Percentile by Number Answered
Your Score History
You have not taken this quiz